Normal view
MARC view
- Munawar,Komal
Entry Personal Name
001 - CONTROL NUMBER
- control field: 5139
003 - CONTROL NUMBER IDENTIFIER
- control field: NUST
005 - DATE AND TIME OF LATEST TRANSACTION
- control field: 20171002155459.0
008 - FIXED-LENGTH DATA ELEMENTS
- fixed length control field: 171002|| aca||aabn | a|a d
040 ## - CATALOGING SOURCE
- Original cataloging agency: NUST
- Transcribing agency: NUST
100 ## - HEADING--PERSONAL NAME
- Personal name: Munawar,Komal
670 ## - SOURCE DATA FOUND
- Source citation: Work cat.: (NUST): Munawar,Komal, Role of advertising appeals in animated advertisements and their effect on brand recognition in Children, 2015
